Report of the Select Committee on Environment, Science and Technology on the Ratification of the Agreement between the Government of the Republic of Ghana (Represented by the Ministry of Environment, Science, Technology and Innovation) and the Government of the Republic of Singapore for engagement in Cooperative Approaches involving Internationally Transferred Mitigation Outcomes under the Paris Climate Change Agreement (Record no. 4243)

MARC details
000 -LEADER
fixed length control field 01088nam a22001817a 4500
003 - CONTROL NUMBER IDENTIFIER
control field OSt
005 - DATE AND TIME OF LATEST TRANSACTION
control field 20241220161330.0
008 - FIXED-LENGTH DATA ELEMENTS--GENERAL INFORMATION
fixed length control field 240729b |||||||| |||| 00| 0 eng d
041 ## - LANGUAGE CODE
Language code of text/sound track or separate title English
082 ## - DEWEY DECIMAL CLASSIFICATION NUMBER
Classification number Class No. CR/ITM/24 Acc No. 9320
110 ## - MAIN ENTRY--CORPORATE NAME
Corporate name or jurisdiction name as entry element Select Committee on Environment, Science and Technology
245 ## - TITLE STATEMENT
Title Report of the Select Committee on Environment, Science and Technology on the Ratification of the Agreement between the Government of the Republic of Ghana (Represented by the Ministry of Environment, Science, Technology and Innovation) and the Government of the Republic of Singapore for engagement in Cooperative Approaches involving Internationally Transferred Mitigation Outcomes under the Paris Climate Change Agreement
260 ## - PUBLICATION, DISTRIBUTION, ETC.
Place of publication, distribution, etc. Accra:
Name of publisher, distributor, etc. Office of Parliament,
Date of publication, distribution, etc. 2024.
300 ## - PHYSICAL DESCRIPTION
Extent [19p.;] tabs
500 ## - GENERAL NOTE
General note includes Annex
653 ## - INDEX TERM--UNCONTROLLED
Uncontrolled term 1. Paris Climate Change Agreement 2. Engagement in Cooperative Approaches involving Internationally Transferred Mitigation 3. Ministry of Environment, Science, Technology and Innovation
942 ## - ADDED ENTRY ELEMENTS (KOHA)
Source of classification or shelving scheme Dewey Decimal Classification
Koha item type Committee Reports
Suppress in OPAC No
Holdings
Withdrawn status Lost status Source of classification or shelving scheme Damaged status Not for loan Home library Current library Shelving location Date acquired Total checkouts Full call number Date last seen Copy number Price effective from Koha item type
    Dewey Decimal Classification     Main Library Main Library Open Shelves 20/12/2024   CR/ITM/24 Acc No. 9320 20/12/2024 1 20/12/2024 Agreements
©2026  Parliament of Ghana Library - All rights reserved